[Event "Mistrzostwa Polski Juniorow do lat 18 - Dziewczeta"]
[Site "Ustron – Jaszowiec"]
[Date "1899-12-30"]
[Round "9.10"]
[White "Trybowska, Barbara"]
[Black "Ziziuk, Martyna"]
[Result "1/2-1/2"]
[WhiteTitle "I"]
[BlackTitle "I"]
[WhiteElo "1517"]
[BlackElo "1529"]

1. e4 c5 2. Nf3 Nc6 3. d4 cxd4 4. Nxd4 e6 5. Nc3 a6 6. Be2 Qc7 7. O-O Nf6 8. Be3
Be7 9. f4 d6 10. Bf3 O-O 11. Qe2 Nxd4 12. Bxd4 e5 13. Bf2 exf4 14. Qd2 Be6 15.
Qxf4 Nd7 16. Bd4 Bf6 17. Bxf6 Nxf6 18. Kh1 Qc5 19. Rad1 Rfd8 20. g4 Qe5 21. Be2
b5 22. g5 Qxf4 23. Rxf4 Ne8 24. Nd5 Kf8 25. Nb4 Rdc8 26. c3 Ra7 27. a3 Raa8 28.
h4 g6 29. Rdf1 Ng7 30. Nd5 Bxd5 31. exd5 Rc7 32. Bg4 Kg8 33. Re1 Re8 34. Rfe4
Rxe4 35. Rxe4 Kf8 36. Kg2 Rc5 37. Rd4 Ke7 38. Re4+ Kf8 39. Rd4 Ke7 40. Re4+ Kf8
1/2-1/2

[Event "Mistrzostwa Polski Juniorow do lat 18 - Dziewczeta"]
[Site "Ustron – Jaszowiec"]
[Date "1899-12-30"]
[Round "9.11"]
[White "Przepiora, Anna"]
[Black "Stebel, Agata"]
[Result "0-1"]
[WhiteTitle "II+"]
[BlackTitle "k"]
[WhiteElo "1354"]
[BlackElo "1795"]

1. e4 c5 2. Nf3 e6 3. d4 cxd4 4. Nxd4 Nf6 5. Bd3 Nc6 6. Nxc6 bxc6 7. O-O d5 8.
Nc3 Be7 9. Re1 O-O 10. Kh1 d4 11. Ne2 e5 12. f4 Ng4 13. Rf1 exf4 14. Bxf4 Bf6
15. Ng3 Ne5 16. Nh5 Ng6 17. Nxf6+ Qxf6 18. e5 Qe7 19. Bxg6 hxg6 20. Qxd4 Rd8 21.
Qc3 Be6 22. Qxc6 Bd5 23. Qa4 Qb7 24. Rg1 Qxb2 25. Rab1 Qc3 26. Rgf1 Rac8 27. Rf2
Rb8 28. Rff1 Rxb1 29. Rxb1 Qh3 30. Rg1 Bxg2+ 0-1

[Event "Mistrzostwa Polski Juniorow do lat 18 - Dziewczeta"]
[Site "Ustron – Jaszowiec"]
[Date "1899-12-30"]
[Round "9.12"]
[White "Winter, Anna"]
[Black "Ciesinska, Weronika"]
[Result "0-1"]
[WhiteTitle "I+"]
[BlackTitle "I"]
[WhiteElo "1503"]
[BlackElo "1676"]

1. e4 c5 2. Nc3 Nc6 3. d3 g6 4. g3 Bg7 5. Bg2 a6 6. a4 e6 7. f4 Nge7 8. Nf3 d5
9. e5 f6 10. exf6 Bxf6 11. O-O O-O 12. Qe2 Nf5 13. Bd2 Nfd4 14. Qd1 Nxf3+ 15.
Bxf3 Qc7 16. Rb1 Bd7 17. Bg2 Ne7 18. b3 Bd4+ 19. Kh1 Nf5 20. Qf3 b5 21. axb5 axb5
22. Ne2 Ra2 23. Rbc1 Bb2 24. Rb1 Rfa8 25. c3 R8a6 26. Be1 d4 27. cxd4 Bc6 28.
d5 Bxd5 29. Qf2 Bd4 30. Nxd4 Rxf2 31. Rxf2 Bxg2+ 32. Kxg2 cxd4 33. Bb4 Ne3+ 34.
Kg1 Rc6 35. Bd2 Rc2 36. Ra1 Qc6 37. Rb1 Rxd2 38. Rxd2 Qc3 39. Ra2 Qxd3 40. Rc1
Kg7 41. Ra3 Qd2 0-1

[Event "Mistrzostwa Polski Juniorow do lat 18 - Dziewczeta"]
[Site "Ustron – Jaszowiec"]
[Date "1899-12-30"]
[Round "9.13"]
[White "Borkowska, Zuzanna"]
[Black "Wierzbowska, Aleksandra"]
[Result "1-0"]
[WhiteTitle "I"]
[BlackTitle "I"]
[WhiteElo "1547"]
[BlackElo "1573"]

1. e4 c5 2. Nf3 Nc6 3. Bb5 d6 4. d4 cxd4 5. Qxd4 Bd7 6. Bxc6 Bxc6 7. Nc3 e5 8.
Qd3 Be7 9. Be3 Nf6 10. O-O-O O-O 11. h3 Nxe4 12. Nxe4 d5 13. Qe2 Qa5 14. Nc3 d4
15. Nxd4 exd4 16. Bxd4 Rfe8 17. Qg4 Qg5+ 18. Qxg5 Bxg5+ 19. Kb1 Bxg2 20. Rhg1
Bf3 21. Rxg5 Bxd1 22. Rxg7+ Kf8 23. Nxd1 Rad8 24. Rg4 Re2 25. Kc1 b6 26. Nc3 Re1+
27. Kd2 Re7 28. a4 a6 29. b4 Red7 30. Kd3 f5 31. Rf4 Ke7 32. Ne2 Ke6 33. Ng3 Rd5
34. c4 R5d7 35. Rh4 Kd6 36. Nxf5+ Kc7 37. Ne3 a5 38. Nd5+ Kb7 39. Bxb6 Rxd5+ 40.
cxd5 Kxb6 41. bxa5+ Kc5 42. Rc4+ Kd6 43. a6 Rf8 44. f4 Rf7 45. a5 Kxd5 46. Rb4
Ra7 47. Rb6 Ra8 48. f5 Ke5 49. f6 Ra7 50. Kc4 h5 51. Kb5 1-0

[Event "Mistrzostwa Polski Juniorow do lat 18 - Dziewczeta"]
[Site "Ustron – Jaszowiec"]
[Date "1899-12-30"]
[Round "9.14"]
[White "Daliga, Anita"]
[Black "Walkowiak, Bogumila"]
[Result "1-0"]
[WhiteTitle "I+"]
[BlackTitle "II+"]
[WhiteElo "1543"]
[BlackElo "1345"]

1. e4 e5 2. Nf3 Nc6 3. Bb5 a6 4. Ba4 Nf6 5. O-O b5 6. Bb3 Be7 7. Re1 d6 8. c3 Na5
9. Bc2 c5 10. d4 Qc7 11. h3 O-O 12. Nbd2 Re8 13. d5 Bf8 14. b3 c4 15. b4 Nb7 16.
Nf1 g6 17. Be3 Bd7 18. N3h2 Nh5 19. Ng4 Bxg4 20. hxg4 Nf6 21. f3 Bg7 22. Ng3 Nd7
23. Kf2 Nf8 24. Qd2 f6 25. g5 fxg5 26. Bxg5 Qf7 27. Rh1 Bf6 28. Nf1 Bxg5 29. Qxg5
Qe7 30. Qxe7 Rxe7 31. a4 Rae8 32. Ne3 Rb8 33. a5 Nd8 34. Rh2 Ra7 35. Rah1 Rg7
36. Ng4 Kf7 37. Ke3 h5 38. Nf2 Nd7 39. Bd1 Nb7 40. Be2 Rf8 41. g4 hxg4 42. Nxg4
Nf6 43. Nxf6 Kxf6 44. Rh8 Rgg8 45. Rxg8 Rxg8 46. Rh7 Rb8 47. Bf1 Nd8 48. Ra7 Nf7
49. Rxa6 Ke7 50. Ra7+ Ke8 51. Bh3 Ng5 52. Bg4 Nf7 53. Rc7 Nh6 54. Rc8+ 1-0

[Event "Mistrzostwa Polski Juniorow do lat 18 - Dziewczeta"]
[Site "Ustron – Jaszowiec"]
[Date "1899-12-30"]
[Round "9.15"]
[White "Pedrak, Paulina"]
[Black "Godek, Martyna"]
[Result "1/2-1/2"]
[WhiteTitle "I"]
[BlackTitle "I"]
[WhiteElo "1466"]
[BlackElo "1654"]

1. e4 e6 2. d4 d5 3. exd5 exd5 4. Bd3 Bd6 5. Nf3 Nf6 6. Bg5 h6 7. Bh4 Bg4 8. h3
Be6 9. O-O O-O 10. c3 c6 11. Qc2 Nbd7 12. Bf5 Qc7 13. Bxe6 fxe6 14. Re1 e5 15.
dxe5 Nxe5 16. Nxe5 Bxe5 17. Nd2 Rae8 18. Bxf6 Bxf6 19. Nf3 Qd7 20. Rxe8 Rxe8 21.
Re1 Rxe1+ 22. Nxe1 d4 23. cxd4 Bxd4 24. Nf3 Kh8 25. Nxd4 Qxd4 26. Qe2 Qd7 27.
Qe3 a6 28. a3 Kg8 29. Qb3+ Qf7 30. Qxf7+ Kxf7 31. f4 b5 32. Kf2 Ke6 33. Ke3 g6
34. b4 h5 35. h4 Kd5 36. Kd3 Ke6 37. Ke3 Kd5 38. Kd3 Ke6 39. Ke3 Kd5 40. Kd3 Ke6
41. Ke4 1/2-1/2

[Event "Mistrzostwa Polski Juniorow do lat 18 - Dziewczeta"]
[Site "Ustron – Jaszowiec"]
[Date "1899-12-30"]
[Round "9.16"]
[White "Jakubowska, Urszula"]
[Black "Stochnialek, Dominika"]
[Result "1-0"]
[WhiteTitle "I"]
[BlackTitle "I"]
[WhiteElo "1412"]
[BlackElo "1499"]

1. Nf3 c5 2. g3 g6 3. Bg2 Bg7 4. c3 e5 5. d3 Nc6 6. e4 Nge7 7. Na3 O-O 8. O-O d6
9. Be3 f5 10. Ng5 Bf6 11. Qb3+ Kg7 12. Ne6+ Bxe6 13. Qxe6 fxe4 14. Bxe4 d5 15.
Bg2 d4 16. cxd4 cxd4 17. Bd2 Qc8 18. Qxc8 Raxc8 19. Rac1 Rfd8 20. f4 exf4 21.
Bxf4 Nd5 22. Bxd5 Rxd5 23. Nc2 Re8 24. a3 g5 25. Bd2 Re2 26. Rf2 Rxf2 27. Kxf2
Rf5+ 28. Kg2 Re5 29. Re1 Rxe1 30. Nxe1 g4 31. h4 h5 32. Kf2 Ne7 33. Ng2 Nd5 34.
Nf4 Nxf4 35. Bxf4 Kf7 36. Ke2 Ke6 37. Kd2 Bd8 38. Kc2 Kd5 39. Kb3 Kc5 40. Ka4
b5+ 41. Kb3 Ba5 42. Kc2 Be1 43. b4+ Kd5 44. Bc7 Kc6 45. Be5 Bc3 46. Bf4 Be1 47.
Kd1 Bf2 48. Ke2 Bg1 49. Kf1 Be3 50. Bxe3 dxe3 51. Ke2 Kd5 52. Kxe3 Ke5 53. d4+
Kd5 54. Kf4 Kxd4 55. Kg5 Kc3 56. Kxh5 Kb3 57. Kxg4 Kxa3 58. h5 1-0

[Event "Mistrzostwa Polski Juniorow do lat 18 - Dziewczeta"]
[Site "Ustron – Jaszowiec"]
[Date "1899-12-30"]
[Round "9.17"]
[White "Tkaczyk, Weronika"]
[Black "Hampel, Anna"]
[Result "1-0"]
[WhiteTitle "I"]
[BlackTitle "I+"]
[WhiteElo "1565"]
[BlackElo "1630"]

1. e4 c5 2. Nf3 e6 3. d4 cxd4 4. Nxd4 Nc6 5. Nc3 Qc7 6. Be2 Nf6 7. Be3 a6 8. O-O
Bb4 9. Na4 b5 10. Nxc6 dxc6 11. Bc5 Ba5 12. b4 bxa4 13. bxa5 Nxe4 14. Bb6 Qd7
15. Bf3 f5 16. Bxe4 fxe4 17. Qd4 O-O 18. Qxe4 Bb7 19. Rae1 Rf6 20. Re3 Raf8 21.
Rh3 h6 22. Bd4 Rf4 23. Qe3 Qf7 24. Rg3 g5 25. h4 Qf5 26. hxg5 hxg5 27. Bc5 Rf7
28. Rd1 g4 29. Rd8+ Kh7 30. Bd4 c5 31. Be5 Bd5 32. Rh8+ Kg6 33. Bxf4 Qxf4 34.
Qxf4 Rxf4 35. Rg8+ Kf5 36. Rf8+ Ke5 37. Rxf4 Kxf4 38. Ra3 1-0